00647cpcaa2200205 4500001001300000003000400013005001700017008004100034010001700075040002400092072001200116100005100128245005700179300001300236506002200249520007800271546003500349600004000384999001700424mm 83098400 DLC20260227111721.0830304|||||||||||| fre  amm 83098400  aDLCcDLCedacsdDLC 7aS2lcmd1 aBoulainvilliers, Henri,ccomte de,d1658-1722.00aEsprit de Spinosa :kholograph manuscript,fundated. a1fitem.0 aOpen to research.8 aVolume (260 pages). Also includes "Exposition de Sentiments de Spinosa." aCollection material in French.10aSpinoza, Benedictus de,d1632-1677. c44070d44070